Turgenev: the novelist's novelist, a study

Bibliographic Details
Main Author: Freeborn, Richard H (Author)
Format: Book
Language:English
Published: [London] Oxford University Press, [1970]
Subjects:

MARC

Tag First Indicator Second Indicator Subfields
LEADER 00000cam a2200000 i 4500
001 in00004811721
008 730607s1970 enk b 000 0 eng d
005 20240807190854.9
035 |a (OCoLC)ocm00638184  
040 |a OSU  |b eng  |e rda  |c OSU  |d OCLCG  |d OCLCQ  |d OCLCA  |d OCLCQ  |d OCLCF  |d OCLCA  |d OCLCQ  |d OCLCL  |d OCLCQ 
029 1 |a NLGGC  |b 050380842 
035 |a (OCoLC)00638184 
050 4 |a PG3443  |b .F7 1970 
082 0 4 |a 891.7 
049 |a MAIN 
100 1 |a Freeborn, Richard H,  |e author 
245 1 0 |a Turgenev: the novelist's novelist,  |b a study  |c by Richard Freeborn. 
264 1 |a [London]  |b Oxford University Press,  |c [1970] 
300 |a viii, 201 pages  |c 23 cm 
336 |a text  |b txt  |2 rdacontent 
337 |a unmediated  |b n  |2 rdamedia 
338 |a volume  |b nc  |2 rdacarrier 
504 |a Includes bibliographical references (pages 193-195). 
590 |b TAG Physical Holdings 2 
600 1 0 |a Turgenev, Ivan Sergeevich,  |d 1818-1883. 
600 1 7 |a Turgenev, Ivan Sergeevich,  |d 1818-1883.  |2 fast  |0 (OCoLC)fst00047302  |1 https://id.oclc.org/worldcat/entity/E39PBJdRrT8mpbc3RmdQWkyWXd 
776 0 8 |i Online version:  |a Freeborn, Richard H.  |t Turgenev: the novelist's novelist.  |d [London] Oxford University Press, [1970]  |w (OCoLC)743254853 
994 |a 92  |b TAG 
852 |a TAG  |b TAGC  |c galv,stk  |h PG3443 .F7 1970  |t c.1 
876 |p 33620000402426  |v unmediated -- volume 
999 f f |s 6212a64f-e34e-43fb-b637-8106c0d3cef6  |i 54fd08fa-6a14-4283-b165-5f55263bfc41  |t 0 
952 f f |p normal  |a Texas A&M University  |b Galveston Campus  |c Jack K. Williams Library  |d Galveston Stacks  |t 0  |e PG3443 .F7 1970  |h Library of Congress classification  |i unmediated -- volume  |m 33620000402426 
998 f f |a PG3443 .F7 1970  |t 0  |l Galveston Stacks